| 000 | 00817nam a22002657a 4500 | ||
|---|---|---|---|
| 003 | dpl | ||
| 005 | 20180623151341.0 | ||
| 008 | 180623b xxu||||| |||| 00| 0 eng d | ||
| 010 | _aA-806095 | ||
| 020 |
_c47.00 _a8123715978 |
||
| 035 | _aA-806095,A-806104 | ||
| 037 | _bCen Lib/Ret | ||
| 040 |
_aDPL _bEN _c0 |
||
| 082 |
_a659.1 _bBAN |
||
| 100 |
_aBanerjee, Subrata _925900 |
||
| 245 |
_aAdvertising as a career / _cby Subrata Banerjee |
||
| 260 |
_aNew Delhi _bNational Book Trust, India _c1996 |
||
| 270 |
_aA-5, Green Park _bNew Delhi _e110016 |
||
| 300 |
_a217p. _c20cm(Hb) |
||
| 490 | _aYoung india library | ||
| 500 | _aIncludes bibliographical reference | ||
| 650 |
_aAdvertising _924955 |
||
| 650 |
_aAdvertising--Vocational guidance _925901 |
||
| 942 |
_2ddc _cEN _h659.1 _mBAN |
||
| 999 |
_c129274 _d129274 |
||